Statistics for Translate These Countries From Welsh to English

Click here to take the quiz!

General Stats

  • This quiz has been taken 277 times
  • The average score is 17 of 26

Answer Stats

Welsh English % Correct
De CoreaSouth Korea
94%
Gogledd CoreaNorth Korea
87%
LwcsembwrgLuxembourg
85%
Seland NewyddNew Zealand
83%
PeriwPeru
82%
Y SwistirSwitzerland
81%
Y FfindirFinland
79%
Gwlad BelgBelgium
79%
SbaenSpain
78%
Ynysoedd SolomonSolomon Islands
77%
Yr AlmaenGermany
70%
WrwgwáiUruguay
68%
Gweriniaeth Canolbarth AffricaCentral African Republic
67%
LibanusLebanon
61%
IwerddonIreland
61%
Y Weriniaeth TsiecCzech Republic
58%
TsieinaChina
58%
Y Deyrnas UnedigUnited Kingdom
57%
TwfalwTuvalu
57%
Unol DaleithiauUnited States
53%
Yr EidalItaly
51%
Gwlad Yr IâIceland
43%
Yr AifftEgypt
37%
Yr ArianninArgentina
35%
Yr IseldiroeddNetherlands
33%
Gini GyhydeddolEquatorial Guinea
29%

Score Distribution

Percentile by Number Answered

Percent of People with Each Score

Your Score History

You have not taken this quiz